All Rugby Clubs in Wellington New Zealand - Statistics

General Stats
  • This quiz has been taken 78 times
  • The average score is 11 of 17
Answer Stats
Club % Correct
Poneke
82%
Wellington
82%
Northern United
79%
Upper Hutt Rams
79%
Oriental Rongotai
78%
Marist St Pats
75%
Tawa
69%
Petone
67%
Johnsonville
64%
Wainuiomata
63%
Avalon
57%
Old Boys University
57%
Hutt Old Boys Marist
54%
Western Suburbs
54%
Paremata-Plimmerton
49%
Stokes Valley
36%
Eastbourne
34%
No matching quizzes found
Score Distribution
Percent of People with Each Score
Percentile by Number Answered
Your Score History
You have not taken this quiz